Microsoft Office 2010 & Discovering Computers (Record no. 6749)

MARC details
000 -LEADER
fixed length control field 01445nam a2200193 4500
020 ## - INTERNATIONAL STANDARD BOOK NUMBER
ISBN 113343763X
022 ## - INTERNATIONAL STANDARD SERIAL NUMBER
ISSN 9781133437635
050 ## - CALL NUMBER
Classification number QA76.9
Item number .Sh3
100 ## - AUTHOR
Personal name Shelly, Gary B.
245 ## - TITLE
Title Microsoft Office 2010 & Discovering Computers
Statement of responsibility, etc Gary B. Shelly, Misty E. Vermaat.
260 ## - PUBLICATION INFORMATION
Place of publication Mason, Ohio :
Name of publisher Cengage Learning,
Year of publication ©2011.
300 ## - DESCRIPTION
Number of Pages 1 volume (various pagings) :
Other physical details some color ;
Dimensions 28 cm
505 ## - FORMATTED CONTENTS NOTE
Table of Content Microsoft Office 2010: Brief<br/>Office 2010 and Windows 7; Essential concepts and skills<br/>Microsoft Word 2010<br/>C.1 Creating formatting & editing a word document with pictures<br/>C.2 Creating a research paper with citations & references<br/>Microsoft Powerpoint 2010<br/>C.1 Creating & editing a presentation with clip art<br/>C.2 Enhancing a presentation with pictures, shapes & wordart<br/>Microsoft Excel 2010<br/>C.1 Creating a worksheet & an embedded chart<br/>C.2 Formulas, functions & formatting<br/>Microsoft Access 2010<br/>C.1 Databases & database objects: An introduction<br/>C.2 Querying a database<br/>Discovering Computers:<br/>C.1 Introduction to computers<br/>C.2 The internet and world wide web<br/>C.6 Storage<br/>C.7 Operating systems and utility programs<br/>C.8 Communications and networks<br/>C.10 Comuter security and safety, ethics and privacy<br/>
650 ## - SUBJECTS
Topical Term Microsoft Office -- Textbooks.
650 ## - SUBJECTS
Topical Term Computer networks -- Textbooks.
650 ## - SUBJECTS
Topical Term Business -- Computer programs -- Textbooks.
700 ## - OTHER AUTHORS
Personal name Vermaat, Misty E.
942 ## - ADDED ENTRY ELEMENTS (KOHA)
Koha item type Books
Holdings
Withdrawn status Lost status Home library Current library Shelving location Date acquired Full call number Accession Number Koha item type
    Methodist University Library Main Methodist University Library Main General Stacks   QA76.9 .Sh3 3377 Books
Copyright © 2026  MUG Library